| 000 | 00414nam a2200133Ia 4500 | ||
|---|---|---|---|
| 008 | 250506s9999 xx 000 0 und d | ||
| 024 | _a02A-BCS3-09, 02A-BCS3-13 & 02A-BCS-17 | ||
| 082 | _a004.67072 MAL | ||
| 100 | _aMaliha Ejaz, Ana Yousuf & Sumaira Shahab | ||
| 245 | 0 | _aOnline Fashion Designing | |
| 260 |
_aKarachi: _bUIT, _c2002 |
||
| 600 | _aComputer Science | ||
| 650 | _aBachelor of Computer Science (BS) | ||
| 999 |
_c27647 _d27647 |
||